[Event "Toulouse Lardenne op 3th"]
[Site "?"]
[Date "2015.05.30"]
[Round "1.1"]
[White "Pieri, Pierre-Louis"]
[Black "Marni-Sandid, Tarik"]
[Result "1-0"]
[WhiteElo "2106"]
[BlackElo "1758"]
[PlyCount "115"]
[EventDate "2015.??.??"]

1. e4 c5 2. Nf3 e6 3. d4 cxd4 4. Nxd4 a6 5. Bd3 Nc6 6. Nxc6 bxc6 7. O-O Qc7 8.
c4 Bb7 9. Nc3 Nf6 10. f4 d6 11. Kh1 Be7 12. Qe2 O-O 13. b3 d5 14. e5 Ne4 15.
Nxe4 dxe4 16. Bxe4 c5 17. Bb2 Bxe4 18. Qxe4 Rfd8 19. Bc3 Rac8 20. Rad1 g6 21.
Rde1 Qd7 22. Ba5 Re8 23. Rd1 Qa7 24. Rd3 Bd8 25. Bc3 Be7 26. Rfd1 Red8 27. Ba5
Rxd3 28. Rxd3 Qb8 29. Rd7 Bd8 30. Bc3 Rc7 31. Qd3 Rxd7 32. Qxd7 Kg7 33. Qc6 Bb6
34. h3 Qd8 35. Qd6 Qh4 36. Qxb6 Qxf4 37. Qa5 Qf1+ 38. Kh2 Qf4+ 39. Kg1 Qe3+ 40.
Kf1 Qd3+ 41. Ke1 Qe3+ 42. Kd1 Qg1+ 43. Be1 Qxg2 44. Qxc5 Qxa2 45. Qe3 Qb1+ 46.
Ke2 Qc2+ 47. Bd2 Qb2 48. c5 Qc2 49. Qc3 Qe4+ 50. Kd1 Qh1+ 51. Kc2 Qe4+ 52. Kb2
Qc6 53. Bg5 Qg2+ 54. Qd2 Qxd2+ 55. Bxd2 Kf8 56. Bg5 Ke8 57. c6 h6 58. Bf6 1-0

[Event "Toulouse Lardenne op 3th"]
[Site "?"]
[Date "2015.05.30"]
[Round "1.2"]
[White "Brisot, Cyril"]
[Black "Relea, Nicolas"]
[Result "0-1"]
[WhiteElo "1752"]
[BlackElo "2076"]
[PlyCount "66"]
[EventDate "2015.??.??"]

1. Nf3 f5 2. d4 Nf6 3. g3 b6 4. Bg2 Bb7 5. c4 e6 6. O-O Be7 7. Nc3 O-O 8. Bg5
Ne4 9. Bxe7 Qxe7 10. Nb5 d6 11. Nd2 c6 12. Nxe4 cxb5 13. Nd2 Bxg2 14. Kxg2 bxc4
15. Nxc4 f4 16. Qa4 Qb7+ 17. Kg1 b5 18. Qb3 Qd5 19. Nd2 Qf5 20. gxf4 Qxf4 21.
Qxe6+ Kh8 22. Nf3 Nc6 23. Qd5 Ne7 24. Qg5 Qe4 25. Qh4 Rf4 26. Qh5 Raf8 27. Rac1
Nf5 28. Rc7 Nxd4 29. Ng5 Rg4+ 30. Qxg4 Qxg4+ 31. Kh1 Qxg5 32. Rg1 Qd5+ 33. f3
Nxe2 0-1

[Event "Toulouse Lardenne op 3th"]
[Site "?"]
[Date "2015.05.30"]
[Round "1.3"]
[White "Marty, Brice"]
[Black "Ebrard, Loic"]
[Result "1-0"]
[WhiteElo "2075"]
[BlackElo "1670"]
[PlyCount "115"]
[EventDate "2015.??.??"]

1. e4 c5 2. d4 cxd4 3. c3 Nf6 4. e5 Nd5 5. Nf3 d6 6. Bc4 Nb6 7. Bb5+ Bd7 8.
Bxd7+ Qxd7 9. cxd4 Nc6 10. Qe2 e6 11. O-O Be7 12. Nc3 O-O 13. Bf4 Nb4 14. Ng5
N4d5 15. Nxd5 Nxd5 16. Qd3 g6 17. Qh3 h5 18. Be3 dxe5 19. dxe5 Qb5 20. Rad1
Rac8 21. g4 Bxg5 22. Bxg5 Qe2 23. gxh5 Qxh5 24. Qxh5 gxh5 25. Kg2 Rc2 26. Rd2
Rfc8 27. Kf3 Rxd2 28. Bxd2 Rc2 29. Bc1 Nb4 30. Rg1+ Kf8 31. Be3 Nd3 32. Rg5
Rxb2 33. Bxa7 b6 34. Rxh5 Kg7 35. Rg5+ Kh6 36. h4 Nxf2 37. Rg2 Nd3 38. Rxb2
Nxb2 39. Bxb6 Nc4 40. Bc7 Kh5 41. Kg3 Na3 42. Bd6 Nc4 43. a4 f5 44. Bc7 Na3 45.
a5 Nb5 46. Bb6 Kg6 47. a6 Kh5 48. a7 Nxa7 49. Bxa7 Kg6 50. Bb6 Kh5 51. Bd8 Kg6
52. Kf4 Kh5 53. Bg5 Kg6 54. Ke3 Kh5 55. Kd4 Kg4 56. Kc5 f4 57. Bxf4 Kxf4 58.
Kd6 1-0

[Event "Toulouse Lardenne op 3th"]
[Site "?"]
[Date "2015.05.30"]
[Round "1.4"]
[White "Gipouloux, Laurent"]
[Black "Grimault, Nathan"]
[Result "0-1"]
[WhiteElo "1662"]
[BlackElo "2068"]
[PlyCount "96"]
[EventDate "2015.??.??"]

1. e4 c5 2. b3 Nc6 3. Bb2 e5 4. Bb5 Nge7 5. Nf3 d6 6. O-O g6 7. Nc3 Bg7 8. Nd5
O-O 9. Bxc6 bxc6 10. Ne3 h6 11. d3 Be6 12. Nd2 Qc7 13. f4 exf4 14. Bxg7 Kxg7
15. Rxf4 d5 16. Rf2 Qe5 17. Nf3 Qf4 18. Qd2 Qc7 19. exd5 cxd5 20. d4 Rac8 21.
dxc5 Qxc5 22. Nd4 Qc3 23. Raf1 Qxd2 24. Rxd2 Nc6 25. Nxc6 Rxc6 26. Rd4 Rc3 27.
Kf2 Rfc8 28. Ke2 R8c7 29. Kd2 h5 30. Rc1 R3c5 31. a4 a5 32. Rd1 Kf6 33. Kc1 Rc3
34. R1d3 Ke5 35. Kd2 Rxd3+ 36. Kxd3 f5 37. g3 g5 38. c3 f4 39. gxf4+ gxf4 40.
Nf1 Bf5+ 41. Kd2 Rb7 42. b4 axb4 43. Rxb4 Rc7 44. h4 Rg7 45. a5 Rg2+ 46. Ke1
Ra2 47. Rb5 Ra1+ 48. Kf2 Bd3 0-1

[Event "Toulouse Lardenne op 3th"]
[Site "?"]
[Date "2015.05.30"]
[Round "1.5"]
[White "Dijon, Frederic"]
[Black "Dubertrand, Bernard"]
[Result "1/2-1/2"]
[WhiteElo "2013"]
[BlackElo "1633"]
[PlyCount "66"]
[EventDate "2015.??.??"]

1. d4 d5 2. Bg5 Bf5 3. Nd2 Nd7 4. Ngf3 Ngf6 5. Nh4 Ne4 6. Nxe4 Bxe4 7. f3 h6 8.
Be3 e6 9. Bf2 Be7 10. fxe4 Bxh4 11. g3 Be7 12. e5 c5 13. e3 Qb6 14. Bg2 Qb4+
15. Qd2 Qxb2 16. O-O Qb6 17. e4 dxe4 18. Bxe4 cxd4 19. Rab1 Qc7 20. Rxb7 Qxe5
21. Bg2 Bc5 22. c3 Qd6 23. cxd4 O-O 24. Be3 Bb6 25. a4 e5 26. a5 Bxd4 27. Bxd4
Nc5 28. Rbxf7 Rxf7 29. Rxf7 exd4 30. Qa2 Ne6 31. Rf1 Re8 32. Bd5 Kh8 33. Rd1
Qe5 1/2-1/2

[Event "Toulouse Lardenne op 3th"]
[Site "Toulouse"]
[Date "2015.05.30"]
[Round "1.9"]
[White "Destic, Pablo"]
[Black "Cregut, Marian"]
[Result "1-0"]
[WhiteElo "1865"]
[BlackElo "1601"]
[PlyCount "69"]
[EventDate "2015.??.??"]
[EventCountry "FRA"]

1. e4 e5 2. Nf3 Nc6 3. Bb5 a6 4. Ba4 Nf6 5. d3 d6 6. c3 b5 7. Bc2 g6 8. Nbd2
Bg7 9. O-O O-O 10. Re1 Bb7 11. d4 Nd7 12. Nf1 Kh8 13. Ne3 Ne7 14. c4 c5 15. d5
Nb6 16. Qd3 b4 17. b3 f5 18. Ng5 Bc8 19. Bb2 f4 20. Nf1 Nexd5 21. Nxh7 Kxh7 22.
exd5 Qg5 23. Nd2 Bf5 24. Ne4 Qe7 25. a3 a5 26. Ra2 Ra6 27. Rea1 bxa3 28. Rxa3
Rfa8 29. Bc3 a4 30. bxa4 Nd7 31. Qe2 Nf6 32. Ng5+ Kg8 33. Bxf5 Nxd5 34. Be6+
Kh8 35. Nf7+ 1-0

[Event "Toulouse Lardenne op 3th"]
[Site "Toulouse"]
[Date "2015.05.30"]
[Round "1.10"]
[White "Mathey, Fannie"]
[Black "Boutillon, Nathanael"]
[Result "1-0"]
[WhiteElo "1583"]
[BlackElo "1836"]
[PlyCount "103"]
[EventDate "2015.??.??"]
[EventCountry "FRA"]

1. e4 c5 2. d4 cxd4 3. c3 d6 4. cxd4 Nf6 5. Nc3 g6 6. Bc4 Bg7 7. Nf3 O-O 8. Bb3
a6 9. O-O b5 10. a3 e6 11. Qe2 Bb7 12. Rd1 Nc6 13. Bf4 Nh5 14. Be3 Qe7 15. Rac1
Rfd8 16. Ba2 Rac8 17. Ne1 Qf6 18. Qd2 h6 19. d5 Ne5 20. Bxh6 Bxh6 21. Qxh6 Nf4
22. g3 Nh5 23. Qe3 g5 24. dxe6 fxe6 25. Kg2 g4 26. f3 Rf8 27. f4 Nc4 28. Bxc4
Rxc4 29. Rxd6 Rfc8 30. Rdd1 e5 31. f5 Qxf5 32. Kg1 Qg6 33. Nd3 Re8 34. Nf2 Rf8
35. Nd5 Bxd5 36. exd5 Rf3 37. Qxe5 Qb6 38. Qxh5 Qxf2+ 39. Kh1 Rf5 40. Qg6+ Kf8
41. Qh6+ Kf7 42. Qe6+ Kg7 43. Qe1 Qf3+ 44. Kg1 Re4 45. Qc3+ Kf7 46. Qxf3 gxf3
47. d6 Re2 48. d7 Rg2+ 49. Kh1 Rh5 50. h4 Rxg3 51. d8=Q f2 52. Qc7+ 1-0

[Event "Toulouse Lardenne op 3th"]
[Site "Toulouse"]
[Date "2015.05.30"]
[Round "1.15"]
[White "Bernot, Octave"]
[Black "Bonnet, Aurelien"]
[Result "1-0"]
[WhiteElo "1409"]
[BlackElo "1240"]
[PlyCount "65"]
[EventDate "2015.??.??"]
[EventCountry "FRA"]

1. d4 d5 2. Nf3 Nf6 3. Bf4 Nc6 4. e3 e6 5. c4 Bb4+ 6. Nc3 Ne4 7. Qb3 a5 8. a3
a4 9. Qc2 dxc4 10. axb4 Nxb4 11. Qxe4 O-O 12. Bxc4 Re8 13. O-O Bd7 14. Ng5 g6
15. Nb5 c6 16. Nc7 Ra5 17. Nxe8 Bxe8 18. Nxe6 fxe6 19. Qxe6+ Bf7 20. Qxf7+ Kh8
21. Rxa4 Rf5 22. Be5+ Rxe5 23. dxe5 b5 24. Rxb4 bxc4 25. Rxc4 Qg8 26. Qf6+ Qg7
27. Rd1 h6 28. Rcd4 Kh7 29. Qxg7+ Kxg7 30. Rd7+ Kf8 31. Ra1 Ke8 32. e6 c5 33.
Ra8# 1-0

[Event "Toulouse Lardenne op 3th"]
[Site "Toulouse"]
[Date "2015.05.30"]
[Round "1.21"]
[White "Barbu, Andrei"]
[Black "Van Den Brande, Norman"]
[Result "1-0"]
[WhiteElo "1350"]
[BlackElo "1113"]
[PlyCount "77"]
[EventDate "2015.??.??"]
[EventCountry "FRA"]

1. e4 e5 2. Nf3 Nc6 3. Bc4 Bc5 4. b4 Bb6 5. Bb2 d6 6. d4 exd4 7. Nxd4 Qh4 8.
O-O Bxd4 9. Bxd4 Nf6 10. Nc3 O-O 11. g3 Qh6 12. Re1 Ng4 13. h4 Nxb4 14. Be2 Qe6
15. Bxg7 Kxg7 16. Qd4+ Qf6 17. Qxf6+ Nxf6 18. Bd3 c5 19. e5 dxe5 20. Rxe5 b6
21. a3 Nxd3 22. cxd3 Ba6 23. Rg5+ Kh8 24. Ne4 Nxe4 25. dxe4 c4 26. a4 c3 27.
Rc1 Rac8 28. f3 c2 29. Kf2 Rfd8 30. Rd5 Rxd5 31. exd5 Bb7 32. d6 Rd8 33. Rxc2
Rxd6 34. Rc7 Rd2+ 35. Ke3 Ra2 36. Rxb7 Rxa4 37. h5 Rb4 38. h6 a5 39. Rb8# 1-0

[Event "Toulouse Lardenne op 3th"]
[Site "Toulouse"]
[Date "2015.05.30"]
[Round "1.26"]
[White "Choiset, Arthur"]
[Black "Barbu, Stefan"]
[Result "0-1"]
[WhiteElo "1009"]
[BlackElo "1270"]
[PlyCount "36"]
[EventDate "2015.??.??"]
[EventCountry "FRA"]

1. e4 c5 2. Bc4 Nc6 3. Nc3 Nf6 4. d4 g6 5. Bf4 d6 6. Nf3 Bg7 7. O-O Bg4 8. Bb5
O-O 9. Qe1 Bxf3 10. gxf3 Nxd4 11. Qe3 Nxc2 12. Qc1 Nxa1 13. Qxa1 a6 14. Ba4 Qc8
15. Bg3 Nh5 16. Bh4 Qh3 17. Re1 Nf4 18. Qc1 Qg2# 0-1

[Event "Toulouse Lardenne op 3th"]
[Site "?"]
[Date "2015.05.30"]
[Round "2.1"]
[White "Moreau, Emilien"]
[Black "Pieri, Pierre-Louis"]
[Result "0-1"]
[WhiteElo "1872"]
[BlackElo "2106"]
[PlyCount "90"]
[EventDate "2015.??.??"]

1. c4 g6 2. g3 c5 3. Bg2 Nc6 4. e3 Bg7 5. Ne2 e6 6. Nbc3 Nge7 7. O-O O-O 8. d4
cxd4 9. Nxd4 d5 10. cxd5 exd5 11. Nde2 Bg4 12. h3 Bxe2 13. Nxe2 Qd7 14. Rb1
Rfd8 15. b3 Nf5 16. Bb2 d4 17. exd4 Ncxd4 18. Nxd4 Nxd4 19. Qd3 Rac8 20. Rbc1
Rxc1 21. Rxc1 Qe7 22. Bxd4 Bxd4 23. Qe4 Qg5 24. Rc7 Qxg3 25. Rc2 Be3 26. Qf3
Qxf3 27. Bxf3 Bb6 28. Bxb7 Kg7 29. Kg2 g5 30. Ba6 f5 31. Re2 Kf6 32. Bc4 Rd6
33. a4 Bc5 34. Kf3 h5 35. Kg3 f4+ 36. Kf3 Kf5 37. Kg2 g4 38. hxg4+ hxg4 39. Kh2
Rh6+ 40. Kg1 g3 41. Re8 gxf2+ 42. Kg2 Rg6+ 43. Kf3 Rg3+ 44. Ke2 Rg1 45. Be6+
Kf6 0-1

[Event "Toulouse Lardenne op 3th"]
[Site "?"]
[Date "2015.05.30"]
[Round "2.2"]
[White "Relea, Nicolas"]
[Black "Destic, Pablo"]
[Result "1-0"]
[WhiteElo "2076"]
[BlackElo "1865"]
[PlyCount "31"]
[EventDate "2015.??.??"]

1. Nc3 e5 2. d4 exd4 3. Qxd4 Nc6 4. Qa4 d5 5. Nf3 Bc5 6. Bg5 Nf6 7. O-O-O Bxf2
8. Nxd5 Bd7 9. Bxf6 gxf6 10. Qf4 f5 11. Nxc7+ Kf8 12. Nxa8 Qe7 13. Qh6+ Ke8 14.
Nc7+ Kd8 15. Nd5 Qc5 16. Qf6+ 1-0

[Event "Toulouse Lardenne op 3th"]
[Site "?"]
[Date "2015.05.30"]
[Round "2.3"]
[White "Lever, Erwan"]
[Black "Marty, Brice"]
[Result "1/2-1/2"]
[WhiteElo "1831"]
[BlackElo "2075"]
[PlyCount "74"]
[EventDate "2015.??.??"]

1. d4 g6 2. c4 Nf6 3. Nc3 Bg7 4. e4 d6 5. Nf3 O-O 6. Be2 c6 7. O-O Qc7 8. Qc2
Bg4 9. Be3 Nbd7 10. Rac1 e5 11. d5 c5 12. Ne1 Bxe2 13. Qxe2 Rae8 14. Nd3 a6 15.
Rb1 Kh8 16. Rfc1 Ng8 17. b4 b6 18. bxc5 bxc5 19. Rb3 f5 20. f3 Bh6 21. Bxh6
Nxh6 22. Rcb1 Rb8 23. Qb2 Rxb3 24. Qxb3 Rb8 25. Qa4 Rxb1+ 26. Nxb1 fxe4 27.
fxe4 Nb8 28. Nd2 Ng4 29. h3 Nf6 30. Qb3 h5 31. Ne1 Kg7 32. Nef3 Nh7 33. h4 Nd7
34. Qa4 Qb7 35. Kf2 Nhf6 36. Qb3 Qxb3 37. axb3 Nh7 1/2-1/2

[Event "Toulouse Lardenne op 3th"]
[Site "?"]
[Date "2015.05.30"]
[Round "2.4"]
[White "Grimault, Nathan"]
[Black "Di Cerbo, Ciro"]
[Result "1-0"]
[WhiteElo "2068"]
[BlackElo "1790"]
[PlyCount "101"]
[EventDate "2015.??.??"]

1. c4 Nf6 2. Nc3 c5 3. Nf3 Nc6 4. d4 cxd4 5. Nxd4 g6 6. e4 d6 7. Be2 Bg7 8. Be3
O-O 9. Qd2 Bd7 10. O-O Ng4 11. Bxg4 Bxg4 12. f3 Bd7 13. Rfd1 Qc7 14. Nd5 Qd8
15. Rac1 Nxd4 16. Bxd4 Bxd4+ 17. Qxd4 Bc6 18. Nc3 Qa5 19. Rb1 Qc5 20. b4 Qxd4+
21. Rxd4 b6 22. Kf2 Rfc8 23. Ke3 Rc7 24. Kd3 Rac8 25. b5 Bb7 26. Nd1 Kf8 27.
Ne3 Rc5 28. Ke2 a6 29. bxa6 Bxa6 30. Rxb6 Bxc4+ 31. Nxc4 Rxc4 32. Rd2 Rc2 33.
a4 Kg7 34. a5 Rxd2+ 35. Kxd2 Rc5 36. Ra6 e6 37. Kd3 Kf6 38. Ra8 Ke5 39. g3 g5
40. a6 Ra5 41. Kc4 g4 42. Kb4 gxf3 43. Kxa5 f2 44. Rb8 f1=Q 45. Rb5+ Kxe4 46.
a7 Kd4 47. Rb4+ Kc5 48. a8=Q d5 49. Qf8+ Kc6 50. Rb6+ Kc7 51. Qd6+ 1-0

[Event "Toulouse Lardenne op 3th"]
[Site "?"]
[Date "2015.05.30"]
[Round "2.5"]
[White "Bartels, Sven"]
[Black "Mathey, Fannie"]
[Result "1-0"]
[WhiteElo "1982"]
[BlackElo "1583"]
[PlyCount "55"]
[EventDate "2015.??.??"]

1. Nc3 Nf6 2. e4 e5 3. f4 d6 4. Nf3 Bg4 5. Bc4 Be7 6. fxe5 dxe5 7. Bxf7+ Kf8 8.
Bb3 Nc6 9. h3 Bh5 10. d3 Qd7 11. Be3 h6 12. Rf1 Bf7 13. Nd5 Kg8 14. Nxe7+ Qxe7
15. Nh4 Rf8 16. Ng6 Qd8 17. Nxf8 Kxf8 18. Qd2 Ke8 19. O-O-O Bxb3 20. axb3 Kd7
21. Qf2 a6 22. Qf5+ Ke7 23. d4 Qd6 24. dxe5 Qxe5 25. Bc5+ Kf7 26. Rd7+ Ke8 27.
Rd8+ Nxd8 (27... Kxd8 28. Rd1+ Ke8 29. Qg6#) 28. Qxe5+ 1-0

[Event "Toulouse Lardenne op 3th"]
[Site "?"]
[Date "2015.05.30"]
[Round "2.8"]
[White "Dubertrand, Bernard"]
[Black "Tatti, Guillaume"]
[Result "0-1"]
[WhiteElo "1633"]
[BlackElo "1813"]
[PlyCount "52"]
[EventDate "2015.??.??"]

1. e4 e6 2. e5 d5 3. f4 c5 4. Nf3 Nc6 5. c3 Qb6 6. Bd3 Bd7 7. Bc2 d4 8. d3 Nh6
9. Nbd2 Be7 10. Nc4 Qc7 11. Nfd2 b5 12. Na3 a6 13. Ne4 O-O 14. Qh5 f5 15. exf6
Bxf6 16. Nxf6+ Rxf6 17. Qxc5 Rf5 18. cxd4 Rxc5 19. dxc5 Nd4 20. Be3 Nhf5 21.
Bd2 Bc6 22. O-O Qf7 23. Bd1 Qg6 24. Rf2 Nh4 25. g3 Ndf3+ 26. Kf1 Qxd3+ 0-1

[Event "Toulouse Lardenne op 3th"]
[Site "?"]
[Date "2015.05.30"]
[Round "2.11"]
[White "La Spina, Romeo"]
[Black "Brisot, Cyril"]
[Result "1-0"]
[WhiteElo "1421"]
[BlackElo "1752"]
[PlyCount "111"]
[EventDate "2015.??.??"]

1. d4 Nf6 2. Nf3 g6 3. Bg5 Bg7 4. e3 O-O 5. Nbd2 d6 6. c4 Nbd7 7. Be2 c5 8. O-O
h6 9. Bh4 g5 10. Bg3 Nh5 11. Qc2 Nxg3 12. hxg3 cxd4 13. exd4 e5 14. dxe5 dxe5
15. Bd3 Nc5 16. Bf5 Ne6 17. Rfe1 Nd4 18. Nxd4 exd4 19. Bd3 Bd7 20. Rab1 f5 21.
Qb3 Qf6 22. Qxb7 Bc6 23. Qe7 Rae8 24. Qxf6 Rxf6 25. Rxe8+ Bxe8 26. Nf3 Rf7 27.
Re1 Kf8 28. Re6 Rc7 29. b3 Bf7 30. Rd6 Ke7 31. Ra6 Be6 32. Ra5 f4 33. gxf4 gxf4
34. Ne5 Kd6 35. Ng6 f3 36. gxf3 Kd7 37. Bf5 Bxf5 38. Rxf5 Ke6 39. Rf4 Rd7 40.
Nf8+ Bxf8 41. Rxf8 d3 42. Re8+ Kf5 43. Re1 Kf4 44. Kg2 Rg7+ 45. Kf1 Rd7 46. c5
a5 47. a3 h5 48. b4 axb4 49. axb4 Rb7 50. c6 Rxb4 51. Re4+ Rxe4 52. fxe4 Kf3
53. Ke1 h4 54. c7 h3 55. c8=Q h2 56. Qh3+ 1-0

[Event "Toulouse Lardenne op 3th"]
[Site "?"]
[Date "2015.05.30"]
[Round "2.13"]
[White "Page, Soline"]
[Black "Gipouloux, Laurent"]
[Result "1-0"]
[WhiteElo "1403"]
[BlackElo "1662"]
[PlyCount "51"]
[EventDate "2015.??.??"]

1. e4 e5 2. Nf3 Nc6 3. Bc4 Bc5 4. b4 Bxb4 5. c3 Ba5 6. d4 exd4 7. O-O d6 8.
cxd4 Bd7 9. Qb3 Qe7 10. Nc3 Bxc3 11. Qxc3 Nf6 12. e5 Ne4 13. Qe3 Bf5 14. Ba3
Qd7 15. exd6 cxd6 16. Ng5 d5 17. Bd3 O-O-O 18. Nxe4 dxe4 19. Bxe4 Bxe4 20. Qxe4
Qxd4 21. Qf5+ Qd7 22. Qc5 Kb8 23. Rab1 Rhe8 24. Qb5 Re5 25. Bd6+ Ka8 26. Bxe5
1-0

[Event "Toulouse Lardenne op 3th"]
[Site "?"]
[Date "2015.05.30"]
[Round "2.15"]
[White "Parpinel, Mario"]
[Black "Arberet, Quentin"]
[Result "0-1"]
[WhiteElo "1612"]
[BlackElo "1312"]
[PlyCount "44"]
[EventDate "2015.??.??"]

1. e4 e5 2. f4 Nc6 3. Nf3 f6 4. Bc4 Bc5 5. fxe5 fxe5 6. d3 h6 7. Nxe5 g6 8.
Bf7+ Kf8 9. Nxc6 dxc6 10. Qf3 Nf6 11. Rf1 Be7 12. Bxg6 Kg7 13. Bh5 Rf8 14. Qg3+
Kh8 15. Qg6 Nxh5 16. Qxh6+ Kg8 17. Qxh5 Rxf1+ 18. Kxf1 Qf8+ 19. Qf3 Qg7 20. Qg3
Bg4 21. h3 Be2+ 22. Kf2 Bc5+ 0-1

[Event "Toulouse Lardenne op 3th"]
[Site "Toulouse"]
[Date "2015.05.30"]
[Round "2.17"]
[White "Cregut, Marian"]
[Black "Antao, Lonie"]
[Result "1-0"]
[WhiteElo "1601"]
[BlackElo "1288"]
[PlyCount "95"]
[EventDate "2015.??.??"]
[EventCountry "FRA"]

1. e4 c5 2. Nf3 Nc6 3. Bb5 d6 4. O-O e5 5. Nc3 a6 6. Be2 Nf6 7. h3 d5 8. d3 d4
9. Nb1 h6 10. Re1 Bd6 11. Nbd2 b5 12. Nf1 O-O 13. Ng3 Ra7 14. Nh2 Kh7 15. Ng4
Nxg4 16. Bxg4 Ne7 17. Qe2 f5 18. exf5 Nxf5 19. Ne4 g6 20. Bxf5 Bxf5 21. Nxd6
Qxd6 22. Qxe5 Qxe5 23. Rxe5 c4 24. g4 Bc8 25. dxc4 bxc4 26. Bd2 Rf3 27. Rae1
Rxh3 28. Re7+ Rxe7 29. Rxe7+ Kg8 30. Re8+ Kf7 31. Rxc8 h5 32. gxh5 gxh5 33.
Rxc4 Rh4 34. c3 Rg4+ 35. Kf1 Rg6 36. cxd4 h4 37. d5 h3 38. Rh4 Rd6 39. Rh5 Kg6
40. Rh6+ Kf5 41. Rxd6 Kg4 42. Rg6+ Kh4 43. Rh6+ Kg4 44. Rxh3 Kxh3 45. d6 Kh2
46. d7 Kh1 47. d8=Q Kh2 48. Qh4# 1-0

[Event "Toulouse Lardenne op 3th"]
[Site "Toulouse"]
[Date "2015.05.30"]
[Round "2.18"]
[White "Charruyer, Baptiste"]
[Black "Henry, Enzo"]
[Result "1-0"]
[WhiteElo "1548"]
[BlackElo "1110"]
[PlyCount "87"]
[EventDate "2015.??.??"]
[EventCountry "FRA"]

1. d4 d5 2. Nf3 Nf6 3. Bf4 Nc6 4. e3 g6 5. Bb5 Bd7 6. Nbd2 Bg7 7. O-O O-O 8. h3
a6 9. Bxc6 Bxc6 10. Ne5 Bb5 11. Re1 Re8 12. a4 Bd7 13. c4 c6 14. Qb3 Rb8 15.
Nxd7 Qxd7 16. Bxb8 Rxb8 17. Qd3 e6 18. c5 Bf8 19. Nf3 a5 20. Rab1 b6 21. Ne5
Qc8 22. cxb6 Rxb6 23. Rec1 c5 24. dxc5 Bxc5 25. Qc2 Ne4 26. Nd3 Rc6 27. Nxc5
Rxc5 28. Qd1 Qc7 29. Rxc5 Qxc5 30. Rc1 Qd6 31. Qd4 Qd8 32. Rc6 Qf6 33. Qxf6
Nxf6 34. Ra6 h5 35. Rxa5 g5 36. Rb5 h4 37. a5 Nd7 38. a6 Nf6 39. a7 Kg7 40.
a8=Q g4 41. hxg4 Nxg4 42. e4 d4 43. Rg5+ Kh6 44. Qg8 1-0

[Event "Toulouse Lardenne op 3th"]
[Site "Toulouse"]
[Date "2015.05.30"]
[Round "2.24"]
[White "Bonnet, Aurélien"]
[Black "Boyd, Emilie"]
[Result "0-1"]
[WhiteElo "1240"]
[BlackElo "1108"]
[PlyCount "62"]
[EventDate "2015.??.??"]
[EventCountry "FRA"]

1. d4 d5 2. c4 c6 3. Nc3 Bf5 4. cxd5 cxd5 5. Nxd5 Qxd5 6. Qa4+ Bd7 7. Qb4 e6 8.
Qc3 Nc6 9. Nf3 Rc8 10. g3 Bb4 11. Bd2 Bxc3 12. Bxc3 Nf6 13. Bg2 O-O 14. O-O Ne4
15. Ng5 Qxg5 16. Bxe4 Qg4 17. f3 Qg5 18. h4 Qe7 19. Rad1 Qd6 20. a3 Qxg3+ 21.
Kh1 Qxh4+ 22. Kg2 f5 23. Rh1 Qg5+ 24. Kh2 fxe4 25. Bd2 e3 26. Rhg1 Qh5+ 27. Kg2
exd2 28. Rh1 Qg5+ 29. Kh2 Nxd4 30. e3 Nxf3+ 31. Kh3 e5# 0-1

[Event "Toulouse Lardenne op 3th"]
[Site "Toulouse"]
[Date "2015.05.30"]
[Round "3.1"]
[White "Pieri, Pierre Louis"]
[Black "La Spina, Romeo"]
[Result "1-0"]
[WhiteElo "2106"]
[BlackElo "1421"]
[PlyCount "71"]
[EventDate "2015.??.??"]
[EventCountry "FRA"]

1. e4 c6 2. d4 d5 3. exd5 cxd5 4. c4 Nf6 5. Nc3 Bf5 6. Qb3 dxc4 7. Bxc4 e6 8.
Qxb7 Nbd7 9. Nf3 Qc8 10. Qxc8+ Rxc8 11. Bb5 Bb4 12. Bd2 O-O 13. O-O Nb6 14.
Rac1 Nbd5 15. Nxd5 Nxd5 16. Rxc8 Rxc8 17. Rc1 Rxc1+ 18. Bxc1 Nc7 19. Bc4 Nd5
20. Ne5 Nb6 21. Bb5 Nd5 22. Nc6 a5 23. a3 Bd6 24. Nxa5 Nc7 25. Bc6 Be7 26. b4
Bf6 27. Be3 Kf8 28. b5 Ke7 29. b6 Na6 30. Bb5 Nb8 31. b7 Kd8 32. Bf4 Bxd4 33.
Bxb8 Be4 34. Nc6+ Bxc6 35. Bxc6 Ke7 36. Bd6+ 1-0

[Event "Toulouse Lardenne op 3th"]
[Site "Toulouse"]
[Date "2015.05.30"]
[Round "3.2"]
[White "Perez Romero, Pedro"]
[Black "Relea, Nicolas"]
[Result "0-1"]
[WhiteElo "1924"]
[BlackElo "2076"]
[PlyCount "84"]
[EventDate "2015.??.??"]
[EventCountry "FRA"]

1. e4 Nc6 2. d4 d5 3. e5 Bf5 4. Nf3 Qd7 5. Be2 f6 6. O-O e6 7. c3 Nge7 8. Re1
Ng6 9. Bb5 Bg4 10. Nbd2 fxe5 11. dxe5 Bc5 12. Qa4 Bxf3 13. Nxf3 O-O 14. Qg4
Rxf3 15. gxf3 a6 16. Bxc6 Qxc6 17. f4 Ne7 18. Be3 Nf5 19. Bxc5 Qxc5 20. Rad1 a5
21. a3 Qb6 22. Qe2 Rf8 23. a4 c6 24. Rd2 Qb3 25. Ra1 Qb6 26. Kh1 Qd8 27. Rg1
Qb6 28. Rb1 Qb3 29. Ra1 Qb6 30. b4 axb4 31. Rb2 Qc5 32. cxb4 Qd4 33. b5 c5 34.
a5 Qxf4 35. a6 Nh4 36. Rb3 bxa6 37. bxa6 c4 38. Rg3 Qd4 39. Rag1 Nf5 40. Qa2
Nxg3+ 41. Rxg3 Rxf2 42. Qa5 Qd1+ 0-1

[Event "Toulouse Lardenne op 3th"]
[Site "Toulouse"]
[Date "2015.05.30"]
[Round "3.3"]
[White "Page, Soline"]
[Black "Grimault, Nathan"]
[Result "0-1"]
[WhiteElo "1403"]
[BlackElo "2068"]
[PlyCount "118"]
[EventDate "2015.??.??"]
[EventCountry "FRA"]

1. e4 c5 2. Nc3 e6 3. f4 d5 4. exd5 exd5 5. Nf3 Nf6 6. Bb5+ Bd7 7. Bxd7+ Nbxd7
8. d4 cxd4 9. Nxd4 Bb4 10. Bd2 O-O 11. O-O Re8 12. a3 Bc5 13. Nce2 Rxe2 14.
Qxe2 Bxd4+ 15. Kh1 Ne4 16. Be3 Qh4 17. Rf3 Re8 18. Qb5 Bxe3 19. Qxd7 Nf6 20.
Qh3 Qxh3 21. Rxh3 Bxf4 22. Rf3 Bc7 23. Rd1 Re2 24. Rc3 Re7 25. Kg1 Bb6+ 26. Kf1
g6 27. Re1 Rd7 28. Rd3 Ng4 29. h3 Nf6 30. c4 dxc4 31. Rxd7 Nxd7 32. Re4 c3 33.
bxc3 Kg7 34. Ke2 Kf6 35. g4 Nc5 36. Re8 Ne6 37. Kf3 Bc5 38. Rb8 b6 39. a4 a5
40. h4 h5 41. g5+ Nxg5+ 42. hxg5+ Kxg5 43. Re8 f6 44. Re4 f5 45. Rc4 Kf6 46.
Kf4 g5+ 47. Kf3 h4 48. Kg2 g4 49. Rf4 Kg5 50. Rf1 h3+ 51. Kh1 g3 52. Rd1 Kg4
53. c4 f4 54. Re1 h2 55. Rf1 Kh3 56. Rf3 Kg4 57. Rf1 Bf2 58. Rd1 Kh3 59. Rd3
Be3 0-1

[Event "Toulouse Lardenne op 3th"]
[Site "Toulouse"]
[Date "2015.05.30"]
[Round "3.4"]
[White "Arberet, Quentin"]
[Black "Bartels, Sven"]
[Result "1-0"]
[WhiteElo "1312"]
[BlackElo "1982"]
[PlyCount "55"]
[EventDate "2015.??.??"]
[EventCountry "FRA"]

1. d4 g6 2. Bf4 Bg7 3. Nf3 d6 4. e3 f5 5. Bc4 Nh6 6. Nc3 c6 7. Qe2 Qa5 8. Ng5
d5 9. Bb3 O-O 10. Qf3 Nf7 11. Nxf7 Rxf7 12. Qg3 Na6 13. a3 Bd7 14. h4 Rff8 15.
h5 Kf7 16. hxg6+ hxg6 17. Rh7 Rh8 18. Rxh8 Rxh8 19. O-O-O b5 20. Ne2 e6 21. Bd6
b4 22. a4 c5 23. Nf4 Rh6 24. Qg5 Bxa4 25. Qe7+ Kg8 26. Nxe6 Rh7 27. Nxg7 Rxg7
28. Qf8+ 1-0

[Event "Toulouse Lardenne op 3th"]
[Site "Toulouse"]
[Date "2015.05.30"]
[Round "3.5"]
[White "Marty, Brice"]
[Black "Rocheblanc, Irman"]
[Result "1/2-1/2"]
[WhiteElo "2075"]
[BlackElo "1648"]
[PlyCount "109"]
[EventDate "2015.??.??"]
[EventCountry "FRA"]

1. b3 d5 2. Bb2 Nc6 3. e3 Nf6 4. Bb5 Bd7 5. f4 a6 6. Be2 e6 7. Nf3 Bd6 8. O-O
O-O 9. Ne5 Bc5 10. d4 Bb6 11. Nd2 Ne8 12. Bd3 Nb4 13. Rf3 Nxd3 14. Nxd3 f6 15.
Rg3 Nd6 16. c4 Nf5 17. Rh3 Qe8 18. c5 Ba7 19. g4 Qg6 20. Kh1 Nh6 21. Nf2 c6 22.
Rg3 Rae8 23. Nf3 Bb8 24. Qd3 Qxd3 25. Nxd3 e5 26. dxe5 Bxg4 27. Rag1 Bxf3+ 28.
Rxf3 fxe5 29. Rh3 Nf7 30. Rhg3 g6 31. h4 exf4 32. exf4 Re4 33. h5 g5 34. Rg4 h6
35. Bf6 Re2 36. Rf1 Kh7 37. Kg1 Rg8 38. fxg5 Nxg5 39. Bxg5 hxg5 40. Rf7+ Kh6
41. Rxb7 Kxh5 42. Rg2 Rxg2+ 43. Kxg2 Rc8 44. Nb4 a5 45. Nd3 Bc7 46. b4 axb4 47.
Nxb4 Bf4 48. Rb6 Be3 49. Nd3 Kg4 50. a4 Kf5 51. Kf3 Bd4 52. a5 Re8 53. Rb3 Re3+
54. Kg2 Re2+ 55. Kg3 1/2-1/2

[Event "Toulouse Lardenne op 3th"]
[Site "Toulouse"]
[Date "2015.05.30"]
[Round "3.8"]
[White "Destic, Pablo"]
[Black "Haefliger, Vincent"]
[Result "1-0"]
[WhiteElo "1865"]
[BlackElo "1399"]
[PlyCount "45"]
[EventDate "2015.??.??"]
[EventCountry "FRA"]

1. e4 c6 2. Nc3 d5 3. Nf3 Bg4 4. d4 dxe4 5. Nxe4 e6 6. c3 Nd7 7. Bf4 Ndf6 8.
Bd3 Nxe4 9. Bxe4 Nf6 10. Bd3 Bd6 11. Bg3 O-O 12. Qc2 Bxf3 13. gxf3 Bxg3 14.
hxg3 h6 15. O-O-O Qd5 16. Rh4 Qxa2 17. Qd2 Qd5 18. Rdh1 h5 19. g4 g5 20. c4
Qxf3 21. Qxg5+ Kh8 22. Rxh5+ Nxh5 23. Rxh5# 1-0